Red Universitaria del Noreste : (Record no. 187610)
[ view plain ]
| 000 -CABECERA | |
|---|---|
| campo de control de longitud fija | 00522nam a2200169 u 4500 |
| 005 - FECHA Y HORA DE LA ÚLTIMA TRANSACCIÓN | |
| campo de control | 20240305063701.0 |
| 008 - ELEMENTOS DE LONGITUD FIJA--INFORMACIÓN GENERAL | |
| campo de control de longitud fija | 170123s2003 mx r 000 0 spa d |
| 035 ## - NÚMERO DE CONTROL DEL SISTEMA | |
| Número de control de sistema | UPN01000215510 |
| 049 ## - COLECCIÓN | |
| Colección | F |
| 050 #4 - SIGNATURA TOPOGRÁFICA DE LA BIBLIOTECA DEL CONGRESO | |
| Número de clasificación | LB1731.4 |
| Número de documento/Ítem | R4.2 |
| 245 10 - MENCIÓN DE TÍTULO | |
| Título | Red Universitaria del Noreste : |
| Resto del título | programa regional de formación de recursos humanos para la formación de tutores. |
| 260 ## - PUBLICACIÓN, DISTRIBUCIÓN, ETC. | |
| Lugar de publicación, distribución, etc. | [Ciudad Victoria] : |
| Nombre del editor, distribuidor, etc. | REUNE, |
| Fecha de publicación, distribución, etc. | [2003]. |
| 300 ## - DESCRIPCIÓN FÍSICA | |
| Extensión | 23 h. |
| 650 #4 - ASIENTO SECUNDARIO DE MATERIA - TERMINO TEMATICO | |
| Término de materia o nombre geográfico como elemento de entrada | Tutoría en la educación |
| 9 (RLIN) | 5718 |
| 905 ## - TIPO DE MATERIAL | |
| Tipo de material | Libro |
| Estado de retiro | Estado de pérdida | Fuente del sistema de clasificación o colocación | Estado dañado | No para préstamo | Código de colección | Localización permanente | Ubicación/localización actual | Ubicación en estantería | Fecha de adquisición | Clasificación | Código de barras | Fecha visto por última vez | Número de copia | Tipo de ítem Koha |
|---|---|---|---|---|---|---|---|---|---|---|---|---|---|---|
| Library of Congress Classification | Disponible (Préstamo en sala) | Folletería | Bib. Gregorio Torres Quintero | Bib. Gregorio Torres Quintero | Colecciones especiales Planta alta | 04/05/2023 | LB1731.4 R4.2 | 302919 | 31/12/2020 | 1 | Folleto |
